| 000 | 00857nam a2200289 a 4500 | ||
|---|---|---|---|
| 999 |
_c23294 _d23294 |
||
| 001 | vtls010468986 | ||
| 005 | 20220823091549.0 | ||
| 008 | 150707s2012 xr habc e 001 0 slo | ||
| 020 | _a9788073608347 (viaz.) | ||
| 040 |
_aSNK _bslo _cSNK _eAACR2 |
||
| 041 | 0 | _aslo | |
| 044 |
_axr _cCZ |
||
| 072 | 7 |
_a94(437) _xDejiny Česka a Slovenska _2konspekt |
|
| 080 |
_a94(437.6) _22008 |
||
| 080 |
_a(031) _22008 |
||
| 245 | 0 | 0 |
_aOttov historický atlas _bSlovensko _czostavil Pavol Kršák |
| 246 | 3 | 0 | _aSlovensko |
| 250 | _aaktualizované vyd. | ||
| 260 |
_aPraha _bOttovo nakladatelství _c2012 |
||
| 300 |
_a560 s. _bilustr., portréty, mapy, faksim. _c31 cm |
||
| 651 | 7 |
_aSlovensko _xdejiny _2snkph _91981 |
|
| 655 | 7 |
_aencyklopédie _2snkph _91494 |
|
| 700 | 1 |
_aKršák, Pavol, _d1932-1993 _4edt _93282 |
|
| 958 | _aZS | ||
| 958 | _aCZ | ||
| 958 | _aNB | ||